[Event "146 Stay Safe Play From Home series"]
[Site "T#646011Emanuel Laske"]
[Date "2020.05.13"]
[Round "8"]
[White "Matanant"]
[Black "Chase the sun"]
[Result "0-1"]
[WhiteElo "1577"]
[BlackElo "1830"]
[Annotator "NA"]
[PlyCount "70"]
[EventDate "2020.05.13"]
[EventType "swiss (blitz)"]

1. e4 {[%emt 0:00:05]} e6 {[%emt 0:00:01]} 2. d4 {[%emt 0:00:01]} d5 {[%emt 0:00:01]} 3. e5 {[%emt 0:00:01]} c5 {[%emt 0:00:02]} 4. c3 {[%emt 0:00:01]} Nc6 {[%emt 0:00:01]} 5. Nf3 {[%emt 0:00:02]} Qb6 {[%emt 0:00:00]} 6. a3 {[%emt 0:00:02]} f6 {[%emt 0:00:01]} 7. exf6 {[%emt 0:00:02]} Nxf6 {[%emt 0:00:00]} 8. Be2 {[%emt 0:00:01]} g6 {[%emt 0:00:01]} 9. O-O {[%emt 0:00:01]} Bg7 {[%emt 0:00:01]} 10. b4 {[%emt 0:00:02]} c4 {[%emt 0:00:01]} 11. Bg5 {[%emt 0:00:02]} a5 {[%emt 0:00:01]} 12. Nbd2 {[%emt 0:00:02]} axb4 {[%emt 0:00:01]} 13. axb4 {[%emt 0:00:01]} Rxa1 {[%emt 0:00:00]} 14. Qxa1 {[%emt 0:00:01]} O-O {[%emt 0:00:01]} 15. h3 {[%emt 0:00:03]} Ne4 {[%emt 0:00:05]} 16. Nxe4 {[%emt 0:00:04]} dxe4 {[%emt 0:00:00]} 17. Nh2 {[%emt 0:00:01]} e5 {[%emt 0:00:03]} 18. Bxc4+ {[%emt 0:00:02]} Kh8 {[%emt 0:00:01]} 19. d5 {[%emt 0:00:01]} Nd8 {[%emt 0:00:06]} 20. Be7 {[%emt 0:00:04]} Re8 {[%emt 0:00:02]} 21. Bc5 {[%emt 0:00:00]} Qc7 {[%emt 0:00:01]} 22. Ng4 {[%emt 0:00:03]} b6 {[%emt 0:00:02]} 23. d6 {[%emt 0:00:03]} Qc6 {[%emt 0:00:01]} 24. Qd1 {[%emt 0:00:06]} bxc5 {[%emt 0:00:01]} 25. Bd5 {[%emt 0:00:02]} Qd7 {[%emt 0:00:02]} 26. Bxe4 {[%emt 0:00:01]} Nf7 {[%emt 0:00:03]} 27. bxc5 {[%emt 0:00:02]} Bb7 {[%emt 0:00:02]} 28. Qd3 {[%emt 0:00:02]} Bxe4 {[%emt 0:00:02]} 29. Qxe4 {[%emt 0:00:00]} Nxd6 {[%emt 0:00:01]} 30. cxd6 {[%emt 0:00:02]} Qxd6 {[%emt 0:00:00]} 31. Re1 {[%emt 0:00:01]} h5 {[%emt 0:00:02]} 32. Ne3 {[%emt 0:00:00]} Rf8 {[%emt 0:00:05]} 33. c4 {[%emt 0:00:00]} Qf6 {[%emt 0:00:01]} 34. Qd5 {[%emt 0:00:00]} Qxf2+ {[%emt 0:00:01]} 35. Kh1 {[%emt 0:00:00]} Qxe1+ {[%emt 0:00:01]} 0-1

[Event "146 Stay Safe Play From Home series"]
[Site "T#646011Emanuel Laske"]
[Date "2020.05.13"]
[Round "8"]
[White "Trotsky"]
[Black "Nagaram"]
[Result "1-0"]
[WhiteElo "1564"]
[BlackElo "1593"]
[Annotator "NA"]
[PlyCount "53"]
[EventDate "2020.05.13"]
[EventType "swiss (blitz)"]

1. d4 {[%emt 0:00:01]} e6 {[%emt 0:00:01]} 2. e3 {[%emt 0:00:00]} d5 {[%emt 0:00:01]} 3. c4 {[%emt 0:00:01]} Bb4+ {[%emt 0:00:01]} 4. Nc3 {[%emt 0:00:01]} Bxc3+ {[%emt 0:00:02]} 5. bxc3 {[%emt 0:00:01]} Nf6 {[%emt 0:00:00]} 6. Nf3 {[%emt 0:00:01]} O-O {[%emt 0:00:01]} 7. c5 {[%emt 0:00:01]} b6 {[%emt 0:00:03]} 8. Bd3 {[%emt 0:00:01]} bxc5 {[%emt 0:00:01]} 9. Qc2 {[%emt 0:00:01]} cxd4 {[%emt 0:00:02]} 10. exd4 {[%emt 0:00:01]} Nc6 {[%emt 0:00:01]} 11. Ng5 {[%emt 0:00:01]} h6 {[%emt 0:00:01]} 12. h4 {[%emt 0:00:01]} Re8 {[%emt 0:00:04]} 13. Bh7+ {[%emt 0:00:02]} Kf8 {[%emt 0:00:02]} 14. Be3 {[%emt 0:00:01]} hxg5 {[%emt 0:00:01]} 15. hxg5 {[%emt 0:00:02]} Nxh7 {[%emt 0:00:01]} 16. Rxh7 {[%emt 0:00:02]} Ke7 {[%emt 0:00:01]} 17. g6 {[%emt 0:00:01]} Rh8 {[%emt 0:00:03]} 18. Bg5+ {[%emt 0:00:01]} f6 {[%emt 0:00:02]} 19. Rxg7+ {[%emt 0:00:01]} Kd6 {[%emt 0:00:03]} 20. O-O-O {[%emt 0:00:07]} fxg5 {[%emt 0:00:01]} 21. Rf7 {[%emt 0:00:02]} Rf8 {[%emt 0:00:02]} 22. Qb3 {[%emt 0:00:04]} Rxf7 {[%emt 0:00:01]} 23. gxf7 {[%emt 0:00:01]} Qf8 {[%emt 0:00:01]} 24. Qa3+ {[%emt 0:00:01]} Kd7 {[%emt 0:00:05]} 25. Qxf8 {[%emt 0:00:01]} Na5 {[%emt 0:00:02]} 26. Qe8+ {[%emt 0:00:01]} Kd6 {[%emt 0:00:01]} 27. f8=Q# {[%emt 0:00:01] (Lag: Av=1.31s, max=6.3s)} 1-0

[Event "146 Stay Safe Play From Home series"]
[Site "T#646011Emanuel Laske"]
[Date "2020.05.13"]
[Round "8"]
[White "UHU4"]
[Black "Pokerpapi"]
[Result "1-0"]
[WhiteElo "1538"]
[BlackElo "1489"]
[Annotator "NA"]
[PlyCount "51"]
[EventDate "2020.05.13"]
[EventType "swiss (blitz)"]

1. e4 {[%emt 0:00:02]} e5 {[%emt 0:00:00]} 2. Nf3 {[%emt 0:00:02]} d6 {[%emt 0:00:00]} 3. Bc4 {[%emt 0:00:01]} h6 {[%emt 0:00:01]} 4. d4 {[%emt 0:00:02]} Nf6 {[%emt 0:00:00]} 5. dxe5 {[%emt 0:00:01]} Ng4 {[%emt 0:00:03]} 6. O-O {[%emt 0:00:04]} Nc6 {[%emt 0:00:03]} 7. c3 {[%emt 0:00:01]} a6 {[%emt 0:00:01]} 8. e6 {[%emt 0:00:03]} fxe6 {[%emt 0:00:03]} 9. Bf4 {[%emt 0:00:02]} e5 {[%emt 0:00:02]} 10. Bg3 {[%emt 0:00:01]} Be7 {[%emt 0:00:04]} 11. Qb3 {[%emt 0:00:01]} Na5 {[%emt 0:00:11]} 12. Bf7+ {[%emt 0:00:01]} Kf8 {[%emt 0:00:03]} 13. Qd5 {[%emt 0:00:01]} Nc6 {[%emt 0:00:04]} 14. Bh5 {[%emt 0:00:02]} g6 {[%emt 0:00:12]} 15. Nxe5 {[%emt 0:00:04]} Ngxe5 {[%emt 0:00:03]} 16. Bxe5 {[%emt 0:00:02]} Nxe5 {[%emt 0:00:01]} 17. Be2 {[%emt 0:00:03]} Bf6 {[%emt 0:00:01]} 18. f4 {[%emt 0:00:01]} Qe7 {[%emt 0:00:02]} 19. fxe5 {[%emt 0:00:02]} dxe5 {[%emt 0:00:00]} 20. Rxf6+ {[%emt 0:00:02]} Kg7 {[%emt 0:00:03]} 21. Rf2 {[%emt 0:00:03]} Be6 {[%emt 0:00:02]} 22. Qxe5+ {[%emt 0:00:02]} Kh7 {[%emt 0:00:02]} 23. Nd2 {[%emt 0:00:01] .} Rhf8 {[%emt 0:00:00]} 24. Rxf8 {[%emt 0:00:02]} Rxf8 {[%emt 0:00:00]} 25. Nf3 {[%emt 0:00:01]} Qc5+ {[%emt 0:00:01]} 26. Kh1 {[%emt 0:00:02] Zeit (Lag: Av=0.42s, max=0.5s)} 1-0

[Event "146 Stay Safe Play From Home series"]
[Site "T#646011Emanuel Laske"]
[Date "2020.05.13"]
[Round "9"]
[White "Onlyforchess"]
[Black "Mepe_Nika"]
[Result "1-0"]
[WhiteElo "2497"]
[BlackElo "2275"]
[Annotator "TA"]
[PlyCount "145"]
[EventDate "2020.05.13"]
[EventType "swiss (blitz)"]

{[%evp 23,145,0,0,-1,0,0,0,-70,-72,-87,-77,-89,-89,-93,-88,-93,-45,-65,-72,-72,-52,-64,-37,-53,-52,-51,-56,-59,-53,-60,-44,-55,-22,-29,-5,-53,0,0,216,209,210,209,230,168,606,168,789,789,29969,29970,29969,29964,29973,11048,29974,29975,29974,5687,29968,0,29974,29967,29974,29977,29978,29969,29960,828,5608,0,29971,29973,29977,29978,29978,29977,29980,29978,29978,29975,29975,29973,29977,6677,5777,5985,4602,1324,3575,506,29973,29974,29974,29975,29975,29975,29974,29975,29974,29970,29981,29968,29974,316,316,316,316,109,109,109,29971,29972,29972,29973,29972,29973,29969,0,0,0,4610,0,0,-8]} 1. e4 e5 2. d4 exd4 3. Nf3 Nc6 4. Bc4 Nf6 5. O-O Nxe4 6. Re1 d5 7. Bxd5 Qxd5 8. Nc3 Qh5 9. Nxe4 Be6 10. Bg5 Bd6 11. Nxd6+ cxd6 12. Bf4 Qd5 13. c3 {[%cal Rf3d4] C56: Two Knights: 4 d4 exd4 5 0-0 Nxe4.} Qf5 14. Bxd6 O-O-O 15. Nxd4 (15. Bg3 $11 dxc3 16. Qa4) 15... Rxd6 $15 16. Nxf5 Rxd1 17. Raxd1 Bxf5 {[#]} 18. f3 $146 ({Predecessor:} 18. b3 Kc7 19. f3 Be6 20. Kf2 a5 21. c4 a4 22. Rd2 Ra8 23. Re3 h5 24. h4 axb3 25. axb3 {½-½ (46) Timmermans,M (2221)-Zelbel,P (2387) Vlissingen 2012}) 18... Be6 19. b3 Rd8 20. Kf2 Rxd1 21. Rxd1 Kc7 22. Ke3 a5 23. g4 a4 24. bxa4 Bxa2 25. h4 Bb3 26. Ra1 Be6 27. h5 Ne5 28. g5 Nc4+ 29. Kd4 h6 (29... Nd2 $15 30. Ke3 Nb3) 30. f4 $11 {Strongly threatening f5!} hxg5 $2 (30... Nd6 $11) 31. fxg5 $18 {h6 is the strong threat.} Nd6 32. Ke5 Nf5 33. Rh1 Ng3 $2 (33... b6 34. h6 gxh6) 34. Rh2 $2 (34. h6 Nf5 35. hxg7 Nxg7 36. Rh7) 34... Nxh5 $2 (34... Nf5 35. h6 gxh6) 35. Rxh5 {[%mdl 4096] Endgame KR-KB} g6 36. Rh7 Kb6 37. Rh8 Ka5 38. Ra8+ Kb6 39. Kd6 Bb3 40. Rf8 (40. a5+ $142 Kb5 41. Ra7 Bc4 42. Rxb7+ Ka6 43. Rc7 Bf1 44. Rxf7 Bb5 45. Rf6 Kxa5 46. Rxg6) 40... Ka5 41. Ra8+ Kb6 42. a5+ Kb5 43. Rb8 Ka6 44. Kc7 Bd5 45. Ra8+ Kb5 46. Kd6 $2 (46. Ra7 $18 Be6 47. Kxb7) 46... Be6 $2 {[%mdl 8192]} (46... Bb3 $11 47. Ra7 Be6 48. Rxb7+ Ka6) 47. Rb8 Ka6 48. Kc5 {[%cal Rb8a8]} Ka7 49. Re8 Bb3 50. Re7 Be6 51. Kb4 Ka6 52. Rc7 b6 53. Re7 (53. Rc6 $142 Bd7 54. Rxb6+ Ka7 55. Rf6 Be6 56. c4 Kb8 57. Kb5 Kc7 58. c5) 53... bxa5+ {[#]} 54. Kc5 $1 a4 55. Re8 Ka7 56. Kb4 {aiming for Rxe6!} Bb3 (56... Kb7 $18 57. Rg8 Kc6) 57. c4 Kb7 58. Re7+ Kc6 59. Rxf7 Bc2 60. Rf6+ Kc7 61. Kc5 a3 62. Rf1 a2 63. Ra1 $2 (63. Rf7+ {mates} Kc8 64. Ra7 Bb3 65. Kb4 Bc2 66. Rxa2 Be4 67. Ra7 Bg2 68. Kc5) 63... Bb1 64. Kd5 Kd7 65. c5 $2 (65. Ke5 $18) 65... Kc7 $16 {[#]} 66. c6 $1 {Threatens to win with Kc5.} Kc8 $2 {[%mdl 8192]} (66... Bc2 $16 67. Kc4 Bf5) 67. Kd6 Kd8 68. c7+ Kc8 69. Kc6 Be4+ 70. Kb6 (70. Kc5 $142 Bf5 71. Rxa2 Kxc7 72. Ra7+ Kd8 73. Rh7 Kc8 74. Kd5 Kb8 75. Ke5) 70... Bb1 $18 71. Kc6 Be4+ 72. Kd6 $2 (72. Kc5 $18 Kxc7 73. Rxa2) 72... Bb1 $11 73. Ke5 {[%mdl 32768] Accuracy: White = 71%, Black = 59%. . Sensor Board Error (Ke4/e5)?} 1-0

[Event "146 Stay Safe Play From Home series"]
[Site "T#646011Emanuel Laske"]
[Date "2020.05.13"]
[Round "9"]
[White "Lamborghini"]
[Black "SoulofWolf"]
[Result "1-0"]
[WhiteElo "2359"]
[BlackElo "2095"]
[Annotator "TA"]
[PlyCount "129"]
[EventDate "2020.05.13"]
[EventType "swiss (blitz)"]

{[%evp 10,129,48,48,55,53,54,47,67,36,66,38,133,129,145,118,166,123,280,88,85,78,83,75,172,106,109,67,155,111,147,29,222,164,444,426,404,147,323,235,227,242,539,529,564,558,476,437,387,338,991,990,1514,1409,29984,5373,6483,779,29962,29964,29992,29990,29989,574,530,522,5576,5469,29987,29988,29988,29970,29993,29973,29993,29994,29995,29993,29994,29995,29995,29996,29997,29997,29997,29997,29998,29999,29999,29997,29997,29991,29991,29991,29991,29991,29993,29992,29994,29992,29996,29996,29996,29993,29993,29993,29994,29993,29993,29994,29995,29995,29995,29995,29996,29996,29996,29997,29997,29997,29998,29999]} 1. e4 d5 2. exd5 Qxd5 3. Nc3 Qd8 4. d4 Nf6 5. Nf3 e6 6. Bd3 b6 {B01: Scandinavian Defence.} 7. Qe2 Bb7 8. Bg5 Be7 {White is slightly better.} 9. O-O-O Nbd7 10. Ne5 {[#]} c6 $146 ({Black should play} 10... Nxe5 $14 11. dxe5 Nd5) ({Predecessor:} 10... Nxe5 11. dxe5 Nd5 12. Bxe7 Qxe7 13. Bb5+ c6 14. Rxd5 exd5 15. Nxd5 Qg5+ 16. f4 Qd8 {1-0 (30) Montoro,G (1964)-Aldanondo,A Villa Martelli 2016}) 11. f4 $16 Qc7 12. Rhe1 O-O 13. Qf3 Nxe5 $2 (13... Rfe8 $16 {was necessary.}) 14. fxe5 $2 (14. dxe5 $18 {is the precise move to win.} Nd5 15. Qh3) 14... Nd5 15. Bxe7 Qxe7 16. Ne4 f5 (16... c5 $16 {was called for.}) 17. Nd6 ({White should try} 17. exf6 $1 $18 gxf6 18. c4) 17... Rab8 18. a3 $40 {[%mdl 128] White attacks.} f4 (18... b5 $14) 19. Qh5 {[%csl Gd3][%cal Rh5h7]} g6 20. Qg4 (20. Bxg6 $16 {aiming for Rd3.} hxg6 21. Qxg6+ Qg7 22. Qxe6+ Kh8 23. Rd3) 20... Rbe8 $2 (20... Ne3 $11 {and Black is okay.} 21. Rxe3 fxe3) 21. Bc4 Ba8 $2 (21... Rb8 22. Re4 Bc8) 22. Bxd5 exd5 23. Qf3 $2 (23. Nxe8 $18 Rxe8 24. Qxf4) 23... Qe6 $2 (23... Rd8 $16 {keeps fighting.} 24. b3 c5) 24. Kb1 Re7 25. g3 g5 $2 (25... Qh3 {was worth a try.} 26. Rf1 Bb7) 26. gxf4 $18 Rxf4 27. Qe3 h6 28. Rg1 {Hoping for Qxf4.} Rg7 29. Rdf1 Rxf1+ $2 (29... c5 30. Rxf4 gxf4 31. Rxg7+ Kxg7 32. Qxf4 Bc6 33. Qg3+ Kh7 34. Qd3+ Kg7 35. dxc5 bxc5) 30. Rxf1 c5 31. Rf6 Qe7 {[#]} 32. c3 (32. Nf5 $142 $1 {[%mdl 512]} Qe8 33. Nxg7 Qf8 34. Ne6 Qxf6 35. exf6 Kf7 36. Nd8+ Kxf6 37. Qe6+ Kg7 38. Qf7+ {[%mdl 64] Double Attack} Kh8 39. Ne6 cxd4 40. Qg7#) 32... Bc6 {[#]} 33. Qf3 (33. Nf5 $142 $1 {[%mdl 512]} Qb7 34. Nxh6+ Kh8 35. Qh3 Rh7 36. Rf8+ Kg7 37. Rg8#) 33... Kh7 {[#]} 34. Nf5 $1 {[%mdl 576] Double Attack} Qd7 35. Nxg7 Kxg7 36. Qf5 (36. Qh5 $142 Kg8 37. Rg6+ Qg7 38. Qxh6 Qxg6+ 39. Qxg6+ Kf8 40. Qxc6 {[%mdl 64] Double Attack} Ke7 41. Qd6+ Kf7 42. Qf6+ Kg8 43. e6 cxd4 44. e7 dxc3 45. Qg6+ Kh8 46. e8=Q#) 36... Qxf5+ 37. Rxf5 {[%mdl 4096] Endgame KR-KB} Kg6 38. Rf6+ {[%mdl 64] Double Attack} Kh5 39. Rxc6 {KR-KP. White mates.} g4 40. e6 cxd4 41. cxd4 Kh4 42. e7 h5 {[#]} 43. Rh6 $1 Kh3 44. Rxh5+ Kg2 45. e8=Q Kf3 46. Qe1 g3 47. Qxg3+ Ke4 48. Re5+ Kxd4 49. Qe3+ Kc4 {[#]} 50. Rxd5 $3 Kxd5 51. Qe7 Kc6 52. Qxa7 Kc5 53. Qf7 Kb5 54. Qf4 Ka5 55. b3 {[%csl Gb3][%cal Rf4a4]} b5 56. Kb2 Kb6 57. b4 Ka6 58. Qe5 Kb6 59. Qc5+ Ka6 60. Qc6+ Ka7 61. Qxb5 Ka8 62. Kc3 Ka7 63. Kc4 Ka8 64. Kc5 Ka7 65. Kc6 {Accuracy: White = 37%, Black = 24%.} 1-0

[Event "146 Stay Safe Play From Home series"]
[Site "T#646011Emanuel Laske"]
[Date "2020.05.13"]
[Round "9"]
[White "rohit2007"]
[Black "Tolka"]
[Result "0-1"]
[WhiteElo "2261"]
[BlackElo "2218"]
[Annotator "TA"]
[PlyCount "58"]
[EventDate "2020.05.13"]
[EventType "swiss (blitz)"]

{[%evp 13,57,41,43,25,19,13,14,-25,-27,-27,-11,-88,-84,-90,-81,-85,-85,-88,-90,-132,-122,-136,-140,-175,-177,-164,-69,-538,-539,-616,-606,-1430,-652,-641,-650,-656,-579,-731,-730,-29991,-843,-759,-714,-5577,-697,-29999]} 1. e4 d6 2. d4 Nf6 3. Nc3 e5 4. dxe5 dxe5 5. Qxd8+ Kxd8 6. Bc4 Ke8 7. Nf3 Bd6 8. Ng5 {B07: Pirc Defence: Miscellaneous Systems.} Rf8 9. O-O h6 {[#]} 10. Nh3 $146 {The position is equal.} ({Predecessor:} 10. Nf3 a6 11. Re1 Nc6 12. Nd5 Ng8 13. Be3 Be6 14. Nd2 Nge7 15. Nxe7 Kxe7 16. c3 {½-½ (35) Nielsen,J (2184)-Pribyl,J (2397) Davos 2008}) 10... Bxh3 11. gxh3 Nbd7 12. f4 (12. a4 $11) 12... exf4 $17 13. Bxf4 Bxf4 14. Rxf4 Ne5 15. Bb5+ c6 16. Ba4 Rd8 17. Raf1 Ke7 18. R1f2 Rd4 19. Bb3 Rfd8 (19... a5 $19 20. a3 b5) 20. Nd5+ $2 {[%mdl 8192] [#] Now White is beyond hope.} (20. Rf5 $15 Nfd7 21. Bxf7) 20... cxd5 $19 21. Bxd5 Nxd5 22. Rf5 f6 23. exd5 R8xd5 24. Kg2 Rd1 25. c4 R5d2 26. Kg3 Rxf2 (26... Rg1+ $142 27. Kf4 Rxf2+ 28. Ke4 Re1+ 29. Kd4 Rxf5 30. b3 Rf3 31. Kc5 Nc6 32. Kb5 Re5+ 33. c5 Re4 34. a4 Rxb3#) 27. Rxf2 Rd3+ 28. Kf4 Rd4+ 29. Kf5 g6# {Accuracy: White = 31%, Black = 65%.} 0-1

[Event "146 Stay Safe Play From Home series"]
[Site "T#646011Emanuel Laske"]
[Date "2020.05.13"]
[Round "9"]
[White "Little champs"]
[Black "Chessencounter"]
[Result "0-1"]
[WhiteElo "2122"]
[BlackElo "2234"]
[Annotator "TA"]
[PlyCount "108"]
[EventDate "2020.05.13"]
[EventType "swiss (blitz)"]

{[%evp 9,107,24,28,25,47,30,42,22,28,-18,0,0,-8,-17,27,-27,-26,-29,0,-7,17,-10,-9,-14,0,-15,31,1,4,-23,-22,-43,-18,-224,-222,-200,-200,-210,-108,-120,-116,-113,-86,-101,-83,-98,-67,-118,-15,-76,-77,-96,-93,-444,-58,-75,-75,-62,-56,-943,-942,-1002,-983,-1054,-1035,-1000,-1042,-1053,-1049,-1341,-1069,-1235,-1185,-1114,-1079,-1288,-1279,-29982,-29983,-29987,-29988,-29988,-29989,-29994,-29990,-29993,-29994,-29993,-29994,-29995,-29995,-29995,-29995,-29996,-29997,-29998,-29997,-29998,-29999,-29999]} 1. d4 g6 2. e3 Bg7 3. Nf3 e6 4. Be2 Ne7 5. O-O O-O 6. c4 {A40: Unusual replies to 1 d4.} d5 7. Nc3 c6 8. cxd5 {White is slightly better.} exd5 9. b3 {[#]} Bf5 $146 ({Predecessor:} 9... Nd7 10. Ba3 Re8 11. Rc1 Nf6 12. Qc2 Bf5 13. Bd3 Bxd3 14. Qxd3 Nf5 15. Rfe1 Nd6 {1-0 (50) Richter Haebich,D (1311)-Luebbers,D (1515) Oberursel 2018}) 10. Bb2 Nd7 {[%cal Bb8d7,Bd7f6,Bf6e4][%mdl 32]} 11. Rc1 Nf6 12. Bd3 (12. b4 $142) 12... Bxd3 13. Qxd3 Qd7 14. Na4 Qf5 15. Qd2 Ne4 $36 {[%mdl 2048] Black has the initiative.} 16. Qe2 Qh5 17. Nc3 f5 18. Rfe1 g5 19. Nd2 Qg6 20. f3 Nd6 21. e4 $2 (21. Na4 $11 {and White has nothing to worry.}) 21... Bxd4+ $19 22. Kh1 fxe4 23. fxe4 {and if Nxd5 works, White does fine.} Rf2 (23... Rae8 $19 {Threatens to win with ...dxe4.} 24. Qd3 Be5) 24. Qd3 $17 c5 {And now ...dxe4 would win.} 25. Nd1 Bxb2 26. Nxf2 Bxc1 27. Rxc1 Rf8 28. Qe2 (28. Kg1 $15) 28... dxe4 (28... b6 $17 29. b4 cxb4) 29. Ndxe4 (29. Nfxe4 $11 Qe6 30. Qe1 (30. Rxc5 $2 Nxe4 31. Nxe4 Qxe4 $19)) 29... b6 30. h3 Nef5 {aiming for ...Re8.} 31. Qg4 $2 {[%mdl 8192]} (31. Qd3 $17) 31... h5 $2 ({Black should try} 31... Ne3 $19 32. Qg3 Nxe4 33. Nxe4 Qxe4 34. Qxg5+ Kh8) 32. Qxg5 $15 Qxg5 33. Nxg5 Ng3+ {[%mdl 64] [#] Discovered Attack} 34. Kg1 $2 {[%mdl 8192] Black keeps a firm grip on the game.} (34. Kh2 $15) 34... Ne2+ $19 {[%mdl 64] Double Attack} 35. Kh2 Nxc1 36. Nd1 Nxa2 37. Ne3 {[#]} c4 $1 38. bxc4 Rc8 39. Ne6 Nxc4 40. Nf5 Kf7 41. Nf4 Rc5 42. Nd4 Nc3 43. Nd3 Rd5 {Black mates.} 44. Nc6 Rxd3 45. Nb4 Rd2 46. Nc6 a5 47. Nxa5 bxa5 48. Kg3 a4 49. Kh4 a3 50. Kxh5 a2 51. Kh6 a1=Q 52. Kh7 Qg1 53. Kh8 Qd4+ 54. Kh7 Qg7# {Accuracy: White = 53%, Black = 60%.} 0-1

[Event "146 Stay Safe Play From Home series"]
[Site "T#646011Emanuel Laske"]
[Date "2020.05.13"]
[Round "9"]
[White "Weltszmerc"]
[Black "Trotsky"]
[Result "1-0"]
[WhiteElo "2070"]
[BlackElo "1583"]
[Annotator "TA"]
[PlyCount "51"]
[EventDate "2020.05.13"]
[EventType "swiss (blitz)"]

{[%evp 13,50,33,40,27,77,96,230,231,236,236,414,252,598,603,1055,1016,1025,910,1135,749,741,702,833,818,886,597,1178,939,901,744,1729,1566,1588,1576,2300,1396,29994,29995,29999]} 1. d4 d5 2. c4 e6 3. Nf3 c5 4. g3 Nc6 5. Bg2 Nf6 6. cxd5 exd5 {6...exd5 is better than 6...Nxd5.} 7. O-O c4 8. b3 {D30: Queen's Gambit Declined: Systems without Nc3.} Be6 9. bxc4 {[#]} Qc7 $146 (9... dxc4 $16 {keeps fighting.} 10. Ng5 Rc8) ({Predecessor:} 9... dxc4 10. Ng5 Rc8 11. Nc3 Bb4 12. d5 Bxc3 13. dxe6 fxe6 14. Rb1 Qxd1 15. Rxd1 b6 16. Nxe6 {1-0 (44) Kleiser,G (2197)-Mostowik,P (1997) ICCF email 2009}) 10. cxd5 $18 {White is clearly better.} Bxd5 11. Nc3 {[%cal Bb1c3,Bc3b5,Bb5d6][%mdl 32]} Be6 $2 (11... Bxf3 {was called for.} 12. Bxf3 (12. exf3 Bb4 $16) 12... Bb4) 12. Bf4 Bd6 $2 (12... Qa5) 13. Nb5 {[%mdl 64] [#] Double Attack} Qd7 14. Nxd6+ Kf8 15. e4 h6 16. e5 Nd5 17. Bd2 g5 18. Rb1 Rb8 19. Qa4 Nf4 20. Bxf4 gxf4 21. Rfc1 Bh3 {[#]} 22. Rxc6 $1 Bxg2 (22... bxc6 23. Rxb8+) 23. Kxg2 h5 24. Rc4 h4 25. Qxd7 {[%csl Gd6][%cal Rd7f7]} fxg3 26. Qxf7# {Black got outplayed after the opening. Accuracy: White = 74%, Black =  0%.} 1-0

[Event "146 Stay Safe Play From Home series"]
[Site "T#646011Emanuel Laske"]
[Date "2020.05.13"]
[Round "9"]
[White "Don59as"]
[Black "Greblah"]
[Result "1-0"]
[WhiteElo "2019"]
[BlackElo "1865"]
[PlyCount "79"]
[EventDate "2020.05.13"]
[EventType "swiss (blitz)"]

1. c4 {[%emt 0:00:02]} c6 {[%emt 0:00:00]} 2. Nc3 {[%emt 0:00:02]} d5 {[%emt 0:00:00]} 3. e3 {[%emt 0:00:01]} Nf6 {[%emt 0:00:01]} 4. b3 {[%emt 0:00:01]} g6 {[%emt 0:00:01]} 5. Bb2 {[%emt 0:00:01]} Bg7 {[%emt 0:00:01]} 6. Nf3 {[%emt 0:00:01]} O-O {[%emt 0:00:00]} 7. Be2 {[%emt 0:00:01]} Bg4 {[%emt 0:00:01]} 8. O-O {[%emt 0:00:01]} Bxf3 {[%emt 0:00:00]} 9. Bxf3 {[%emt 0:00:04]} e6 {[%emt 0:00:00]} 10. d4 {[%emt 0:00:01]} Nbd7 {[%emt 0:00:01]} 11. c5 {[%emt 0:00:01]} b6 {[%emt 0:00:01]} 12. b4 {[%emt 0:00:01]} b5 {[%emt 0:00:01]} 13. a3 {[%emt 0:00:01]} a5 {[%emt 0:00:01]} 14. Qc2 {[%emt 0:00:02]} axb4 {[%emt 0:00:01]} 15. axb4 {[%emt 0:00:01]} Qc7 {[%emt 0:00:00]} 16. Rxa8 {[%emt 0:00:02]} Rxa8 {[%emt 0:00:01]} 17. Ra1 {[%emt 0:00:00]} Qb7 {[%emt 0:00:01]} 18. Qc1 {[%emt 0:00:01]} Ne8 {[%emt 0:00:01]} 19. g3 {[%emt 0:00:02]} e5 {[%emt 0:00:01]} 20. Nxd5 {[%emt 0:00:03]} cxd5 {[%emt 0:00:02]} 21. c6 {[%emt 0:00:01]} Rxa1 {[%emt 0:00:02]} 22. Bxa1 {[%emt 0:00:02]} Qc7 {[%emt 0:00:01]} 23. Bxd5 {[%emt 0:00:04]} Nb6 {[%emt 0:00:02]} 24. Bg2 {[%emt 0:00:02]} exd4 {[%emt 0:00:01]} 25. exd4 {[%emt 0:00:01]} Nf6 {[%emt 0:00:02]} 26. Qc5 {[%emt 0:00:03]} Nfd5 {[%emt 0:00:01]} 27. Bxd5 {[%emt 0:00:02]} Nxd5 {[%emt 0:00:03]} 28. Qxd5 {[%emt 0:00:01]} Qa7 {[%emt 0:00:02]} 29. Qd8+ {[%emt 0:00:03]} Bf8 {[%emt 0:00:01]} 30. Bc3 {[%emt 0:00:02]} Qa4 {[%emt 0:00:02]} 31. c7 {[%emt 0:00:02]} Qd1+ {[%emt 0:00:01]} 32. Kg2 {[%emt 0:00:01]} Qd3 {[%emt 0:00:03]} 33. c8=Q {[%emt 0:00:05]} Qe4+ {[%emt 0:00:01]} 34. Kf1 {[%emt 0:00:01]} Qb1+ {[%emt 0:00:02]} 35. Be1 {[%emt 0:00:01]} Qd3+ {[%emt 0:00:01]} 36. Kg1 {[%emt 0:00:01]} Kg7 {[%emt 0:00:02]} 37. Qxf8+ {[%emt 0:00:00]} Kf6 {[%emt 0:00:01]} 38. Qcd8+ {[%emt 0:00:00]} Ke6 {[%emt 0:00:06]} 39. Qc5 {[%emt 0:00:00]} Qf5 {[%emt 0:00:04]} 40. Qde7# {[%emt 0:00:00] (Lag: Av=0.45s, max=1.4s)} 1-0